| 000 | 00640nam a2200133 a 4500 | ||
|---|---|---|---|
| 008 | 120416s1985 ||||||||||||||||| || u | ||
| 050 | _aHG 3881.5.I58 Rol | ||
| 245 | 0 | 4 | _aThe role and function of the International Monetary Fund |
| 260 |
_aWashington DC. _bIMF _c1985 |
||
| 300 | _a99p. : ill. | ||
| 350 | _a0.00 | ||
| 995 |
_aANNEX COLLECTION (Main Library) _D0.00 _e719385 _FCBU-MAIN LIBRARY (Kitwe) _H1 _I2.00 _jHG 3881.5.I58 Rol _M1 _UAVAILABLE _y025120 _ZAnnex Low-Usage Collection |
||
| 995 |
_aANNEX COLLECTION (Main Library) _D0.00 _e719358 _FCBU-MAIN LIBRARY (Kitwe) _H2 _I2.00 _jHG 3881.5.I58 Rol _M2 _UAVAILABLE _y029077 _ZAnnex Low-Usage Collection |
||
| 999 |
_c80246 _d80246 |
||